000 00785cam a22002775a 4500
001 26256
003 OSt
005 20140310182249.0
007 OSt
008 901105s1990 nyub 000 0 eng
010 _a 89092606
020 _a0345365046
040 _aDLC
_cDLC
_dDLC
050 0 0 _aPZ 7
_b.M478 1990
082 _aFIC M24w
_b1990
100 1 _aMcQuinn, Donald E.
_919794
245 1 0 _aWarrior /
_cDonald E. McQuinn.
250 _a1st ed.
260 _aNew York :
_bBallantine Books,
_c1990.
300 _a634 p. :
_bmap ;
_c24 cm.
856 4 2 _3Publisher description
_uhttp://www.loc.gov/catdir/description/random041/89092606.html
906 _a7
_bibc
_corignew
_d3
_eopcn
_f19
_gy-gencatlg
942 _2lcc
_cFIC
999 _c11323
_d11323